[Event "29.Schlosspark-Open"]
[Site "Wiesbaden-Biebrich"]
[Date "2017.08.25"]
[Round "2.79"]
[White "Busch, Günther"]
[Black "Donecker, Stefan"]
[Result "1/2-1/2"]
[WhiteElo "1561"]
[BlackElo "1781"]
[PlyCount "77"]
[EventDate "2017.??.??"]
[WhiteTeam "FC Bierstadt"]
[BlackTeam "TuS Dotzheim"]

1. g3 d5 2. Bg2 g6 3. d3 Bg7 4. c4 dxc4 5. Qa4+ c6 6. Qxc4 Be6 7. Qc2 Na6 8.
Bxc6+ Kf8 9. Bg2 Rc8 10. Qd1 Qb6 11. Nf3 Rxc1 12. Qxc1 Bxb2 13. Qf4 Qb4+ 14.
Qd2 Bxa1 15. O-O Qxd2 16. Nbxd2 Bc3 17. Rc1 Bb4 18. Nc4 Nf6 19. a3 Bd6 20. Ng5
Bxc4 21. Rxc4 h6 22. Rc8+ Kg7 23. Rxh8 Kxh8 24. Nxf7+ Kg7 25. Nxd6 exd6 26.
Bxb7 Nc5 27. Bc6 Kf7 28. d4 Nb3 29. e3 Ke6 30. Kf1 d5 31. Ke2 Na5 32. Bb5 Ne4
33. Bd3 g5 34. f3 Nd6 35. e4 Ndc4 36. a4 Nb6 37. Bc2 Nac4 38. Bb3 Na5 39. Ba2
1/2-1/2

[Event "29.Schlosspark-Open"]
[Site "Wiesbaden-Biebrich"]
[Date "2017.08.25"]
[Round "2.80"]
[White "Zeyen, Helmut"]
[Black "Manuelyan, Nubar"]
[Result "1-0"]
[WhiteElo "1781"]
[BlackElo "1562"]
[PlyCount "53"]
[EventDate "2017.??.??"]
[WhiteTeam "Wiesbadener SV"]
[BlackTeam "SV Bodenheim"]

1. e4 e6 2. Qe2 g6 3. c3 Bg7 4. d4 Ne7 5. Bg5 O-O 6. Qe3 Re8 7. Nd2 d5 8. O-O-O
c6 9. Bd3 Qc7 10. h4 e5 11. dxe5 Bxe5 12. f4 Bg7 13. e5 Nf5 14. Qf3 d4 15. Bxf5
Bxf5 16. g4 dxc3 17. gxf5 cxd2+ 18. Rxd2 Nd7 19. Ne2 h6 20. fxg6 fxg6 21. Qb3+
Kf8 22. e6 hxg5 23. Rxd7 Qb6 24. fxg5 Qxb3 25. axb3 Kg8 26. Nf4 b5 27. e7 1-0

[Event "29.Schlosspark-Open"]
[Site "Wiesbaden-Biebrich"]
[Date "2017.08.25"]
[Round "2.81"]
[White "Hedrich, Gerd"]
[Black "Bühler, Severin"]
[Result "0-1"]
[WhiteElo "1547"]
[BlackElo "1776"]
[PlyCount "36"]
[EventDate "2017.??.??"]
[WhiteTeam "Wiesbadener SV"]
[BlackTeam "Heilbronner SV"]

1. Nf3 Nf6 2. d4 g6 3. Bf4 Bg7 4. e3 O-O 5. Bd3 d6 6. Nbd2 Nbd7 7. c3 c5 8. Qc2
b6 9. h3 Bb7 10. O-O-O Rc8 11. Rde1 Nd5 12. g4 cxd4 13. exd4 Nxf4 14. Be4 d5
15. Bd3 Nxd3+ 16. Qxd3 Nf6 17. Ne5 Ne4 18. f3 Nf2 0-1

[Event "29.Schlosspark-Open"]
[Site "Wiesbaden-Biebrich"]
[Date "2017.08.25"]
[Round "2.82"]
[White "Falkenhainer, Sven"]
[Black "Adlhoch, Walter"]
[Result "1-0"]
[WhiteElo "1762"]
[BlackElo "1560"]
[PlyCount "77"]
[EventDate "2017.??.??"]
[WhiteTeam "SC Bergen-Enkheim"]
[BlackTeam "SK Schwandorf"]

1. e4 e6 2. d4 d5 3. exd5 exd5 4. Nf3 Bd6 5. Be2 Bg4 6. O-O Ne7 7. c3 Nbc6 8.
Bg5 f6 9. Be3 Qd7 10. b4 a6 11. a4 Ng6 12. Nbd2 Nf4 13. Bxf4 Bxf4 14. Nb3 b6
15. b5 axb5 16. Bxb5 O-O 17. Re1 Qd6 18. h3 Bh5 19. Qd3 Bg6 20. Qf1 Na7 21. Bd3
Bxd3 22. Qxd3 c5 23. c4 Rac8 24. dxc5 bxc5 25. Qxd5+ Qxd5 26. cxd5 c4 27. Nbd4
Bh6 28. Nf5 Rfe8 29. Nxh6+ gxh6 30. Nd4 Kf7 31. Nf5 Rxe1+ 32. Rxe1 Rc7 33.
Nxh6+ Kg6 34. Ng4 h5 35. Ne3 Nc8 36. Rc1 Nd6 37. a5 Ra7 38. Nxc4 Rc7 39. Ne5+
1-0

[Event "29.Schlosspark-Open"]
[Site "Wiesbaden-Biebrich"]
[Date "2017.08.25"]
[Round "2.83"]
[White "Wunschik, Joachim"]
[Black "Vogt, Johannes"]
[Result "1/2-1/2"]
[WhiteElo "1762"]
[BlackElo "1511"]
[PlyCount "24"]
[EventDate "2017.??.??"]
[WhiteTeam "SV Rüsselsheim"]
[BlackTeam "SG Mörsdorf-Lahr"]

1. d4 d5 2. c4 e6 3. Nc3 Nf6 4. Bg5 Be7 5. e3 O-O 6. Nf3 b6 7. Bd3 dxc4 8. Bxc4
Bb7 9. O-O Nbd7 10. Rc1 c5 11. d5 Nxd5 12. Nxd5 Bxg5 1/2-1/2

[Event "29.Schlosspark-Open"]
[Site "Wiesbaden-Biebrich"]
[Date "2017.08.25"]
[Round "2.84"]
[White "Goodwin, David"]
[Black "Krischak, Werner"]
[Result "1/2-1/2"]
[WhiteElo "1518"]
[BlackElo "1761"]
[PlyCount "29"]
[EventDate "2017.??.??"]
[WhiteTeam "SV Kelsterbach"]
[BlackTeam "SK Marburg"]

1. Nf3 d5 2. g3 c6 3. Bg2 Nf6 4. d3 Bg4 5. Nbd2 e6 6. a3 Nbd7 7. O-O Bd6 8. c4
O-O 9. b4 a5 10. c5 Bc7 11. Bb2 e5 12. Re1 Re8 13. Qc2 Qe7 14. e4 d4 15. h3
1/2-1/2

[Event "29.Schlosspark-Open"]
[Site "Wiesbaden-Biebrich"]
[Date "2017.08.25"]
[Round "2.85"]
[White "Werner, Tom"]
[Black "Köllner, Felicitas Ophelia"]
[Result "0-1"]
[WhiteElo "1516"]
[BlackElo "1740"]
[PlyCount "132"]
[EventDate "2017.??.??"]
[WhiteTeam "VSG Offenbach"]
[BlackTeam "SV Bergneustadt/Derschlag"]

1. c4 d6 2. Nc3 e5 3. Nf3 Be7 4. e3 Nf6 5. d4 Nbd7 6. Be2 O-O 7. O-O c6 8. b4
e4 9. Nd2 d5 10. c5 Ne8 11. f3 f5 12. Qb3 Kh8 13. Bb2 Qc7 14. fxe4 fxe4 15.
Rxf8+ Nxf8 16. Rf1 Nf6 17. Qd1 Bd7 18. a4 Qc8 19. Qe1 Ng6 20. Qg3 Bg4 21. h3
Bxe2 22. Nxe2 Nh5 23. Qh2 Qd7 24. Ng3 Nxg3 25. Qxg3 Bh4 26. Qh2 Qe7 27. Rf5 Rf8
28. Rxf8+ Qxf8 29. g3 Bg5 30. Qf2 Qe8 31. Nb3 Qe6 32. Kg2 Kg8 33. Na5 Qd7 34.
Bc1 Ne7 35. Nb3 Nf5 36. Bd2 Qe6 37. h4 Be7 38. Qf4 Qc8 39. Be1 Nh6 40. Bf2 Bd8
41. Qe5 Bc7 42. Qe7 Nf5 43. Qg5 Bd8 44. Qh5 g6 45. Qe2 Nh6 46. Nc1 Qf5 47. Nb3
Ng4 48. Na5 Bxa5 49. bxa5 Kg7 50. Bg1 h5 51. Qf1 Qxf1+ 52. Kxf1 Kf6 53. Ke2 Ke6
54. Kd2 Kd7 55. Kc3 a6 56. Kd2 Ke6 57. Ke2 Kf5 58. Kf1 Nh6 59. Kg2 Kg4 60. Bf2
Nf5 61. Bg1 Nxg3 62. Bh2 Nf5 63. Bg1 Nxh4+ 64. Kf2 Nf3 65. Kg2 Nxg1 66. Kxg1
Kf3 0-1

[Event "29.Schlosspark-Open"]
[Site "Wiesbaden-Biebrich"]
[Date "2017.08.25"]
[Round "2.86"]
[White "Reitz, Theresa"]
[Black "Schneider, Luca"]
[Result "1-0"]
[WhiteElo "1719"]
[BlackElo "1433"]
[PlyCount "57"]
[EventDate "2017.??.??"]
[WhiteTeam "VfR-SC Koblenz"]
[BlackTeam "FC Bierstadt"]

1. e4 Nf6 2. e5 Nd5 3. d4 d6 4. exd6 cxd6 5. c4 Nb6 6. Nf3 Nc6 7. b3 g6 8. Bb2
Bg7 9. Qd2 O-O 10. Be2 Bf5 11. Na3 Qd7 12. Nc2 Rfe8 13. Ne3 e6 14. d5 Ne5 15.
Nxe5 dxe5 16. g4 exd5 17. gxf5 d4 18. fxg6 dxe3 19. gxh7+ Kxh7 20. Qxe3 Bh6 21.
Qc3 Rad8 22. Rd1 Qc7 23. Rg1 Rxd1+ 24. Kxd1 Rd8+ 25. Bd3+ f5 26. f3 e4 27. fxe4
fxe4 28. Qh8+ Rxh8 29. Bxe4# 1-0

[Event "29.Schlosspark-Open"]
[Site "Wiesbaden-Biebrich"]
[Date "2017.08.25"]
[Round "2.87"]
[White "Klinke, Roland"]
[Black "Geltz, Noah"]
[Result "0-1"]
[WhiteElo "1410"]
[BlackElo "1737"]
[PlyCount "50"]
[EventDate "2017.??.??"]
[WhiteTeam "TuS Dotzheim"]
[BlackTeam "SF HN-Biberach"]

1. d4 Nf6 2. c4 e6 3. Nf3 Bb4+ 4. Bd2 Nc6 5. a3 Bxd2+ 6. Nbxd2 d5 7. e3 O-O 8.
cxd5 exd5 9. Bb5 Ne7 10. O-O c6 11. Bd3 Bf5 12. Be2 Qd6 13. b4 Ne4 14. Rc1 a5
15. b5 Qxa3 16. bxc6 Nc3 17. Qe1 Qxc1 18. cxb7 Qxe1 19. Rxe1 Nxe2+ 20. Rxe2 Ra7
21. Ne5 Rxb7 22. Re1 f6 23. Nef3 Rc8 24. Ra1 Bd3 25. h3 Nc6 0-1

[Event "29.Schlosspark-Open"]
[Site "Wiesbaden-Biebrich"]
[Date "2017.08.25"]
[Round "2.88"]
[White "Schneider, Lutz"]
[Black "Schmitz, Bernhard Hubert"]
[Result "1-0"]
[WhiteElo "1737"]
[BlackElo "1394"]
[PlyCount "111"]
[EventDate "2017.??.??"]
[WhiteTeam "Sfr. Wiesbaden"]
[BlackTeam "Vorw.Orient Mainz"]

1. e4 c5 2. Nf3 d6 3. d4 cxd4 4. Nxd4 Nf6 5. Nc3 a6 6. Be2 g6 7. Be3 b5 8. a3
Bg7 9. O-O Bb7 10. Bf3 Nbd7 11. Re1 O-O 12. Qd2 Ne5 13. Qe2 Nfd7 14. Bf4 Nxf3+
15. Nxf3 Nc5 16. Nd2 Qd7 17. f3 Rad8 18. Qe3 Qc6 19. Kh1 Rfe8 20. Bg5 Rc8 21.
Rab1 Ne6 22. Nd5 Nxg5 23. Qxg5 f6 24. Qg4 e6 25. Nc3 Qb6 26. Nf1 Rcd8 27. Qg3
d5 28. exd5 Bxd5 29. Nxd5 Rxd5 30. Red1 Rg5 31. Qe1 Rc5 32. c3 Bh6 33. Rd7 Rc7
34. Rbd1 Rxd7 35. Rxd7 e5 36. Qd1 Qe6 37. Rd6 Qf7 38. Rxa6 Rb8 39. Qd6 Rf8 40.
Rb6 Qc4 41. Qe6+ Qxe6 42. Rxe6 Rb8 43. Ng3 Kf7 44. Rc6 Bf8 45. Ne4 f5 46. Ng5+
Kg8 47. Ne6 Be7 48. g3 e4 49. fxe4 fxe4 50. Kg2 Kf7 51. Kf2 Re8 52. Nc5 Bg5 53.
Rb6 Bd2 54. Rxb5 Re5 55. Rb7+ Kf6 56. Nd7+ 1-0

[Event "29.Schlosspark-Open"]
[Site "Wiesbaden-Biebrich"]
[Date "2017.08.25"]
[Round "2.89"]
[White "Conrad, Nico"]
[Black "Zerhusen, Martin"]
[Result "0-1"]
[WhiteElo "1386"]
[BlackElo "1731"]
[PlyCount "56"]
[EventDate "2017.??.??"]
[WhiteTeam "SG Mörsdorf-Lahr"]
[BlackTeam "SV Oberursel"]

1. e4 c5 2. Nc3 d6 3. Bc4 Nc6 4. Nf3 Nf6 5. d4 cxd4 6. Nxd4 Bd7 7. Bg5 Qa5 8.
Bxf6 gxf6 9. O-O a6 10. Nxc6 Bxc6 11. Bd5 e6 12. Bxc6+ bxc6 13. Qd4 Be7 14. Qa4
Qxa4 15. Nxa4 Rb8 16. b3 d5 17. exd5 cxd5 18. c3 Rc8 19. Rac1 Bd6 20. Rc2 Ke7
21. c4 dxc4 22. Rxc4 Rxc4 23. bxc4 Rb8 24. Nc3 Rb2 25. Re1 Be5 26. Ne4 Bd4 27.
a3 f5 28. Ng5 Bxf2+ 0-1

[Event "29.Schlosspark-Open"]
[Site "Wiesbaden-Biebrich"]
[Date "2017.08.25"]
[Round "2.90"]
[White "Werner, Rosalie"]
[Black "Stieg, Bastian"]
[Result "0-1"]
[WhiteElo "1373"]
[BlackElo "1730"]
[PlyCount "112"]
[EventDate "2017.??.??"]
[WhiteTeam "VSG Offenbach"]
[BlackTeam "SV Oberursel"]

1. e4 e6 2. d4 d5 3. e5 c5 4. c3 Nc6 5. Nf3 Bd7 6. Bd3 cxd4 7. cxd4 Qb6 8. Bc2
Nge7 9. Nc3 Rc8 10. O-O Ng6 11. Na4 Qc7 12. Nc3 a6 13. Rb1 Nb4 14. Bb3 Nc6 15.
a3 b5 16. Ng5 h6 17. Nxf7 Kxf7 18. Qf3+ Kg8 19. Bc2 Nxd4 20. Qd3 Nxc2 21. Qxg6
Nd4 22. f4 Be8 23. Qd3 Bc5 24. Kh1 Bh5 25. Be3 Nf5 26. Bxc5 Qxc5 27. Qh3 Bg6
28. g4 Ne3 29. Rfe1 Bxb1 30. Rxb1 d4 31. Ne2 Qd5+ 32. Kg1 Rc2 33. Kf2 Qg2+ 34.
Qxg2 Nxg2 35. Kf3 Nh4+ 36. Kf2 d3 37. Re1 Rxe2+ 38. Rxe2 dxe2 39. Kxe2 Kf7 40.
Ke3 Rc8 41. f5 exf5 42. gxf5 Nxf5+ 43. Ke4 Ke6 44. b3 Rc3 45. a4 Rxb3 46. axb5
axb5 47. h4 Re3+ 48. Kf4 b4 49. Kg4 b3 50. Kh5 Rxe5 51. Kg6 b2 52. h5 b1=Q 53.
Kh7 Ne7+ 54. Kh8 Qb8+ 55. Kxg7 Qg8+ 56. Kxh6 Qh8# 0-1

[Event "29.Schlosspark-Open"]
[Site "Wiesbaden-Biebrich"]
[Date "2017.08.25"]
[Round "2.91"]
[White "Kuckel, Michael"]
[Black "Sitta, Stefan"]
[Result "1-0"]
[WhiteElo "1728"]
[BlackElo "1314"]
[PlyCount "67"]
[EventDate "2017.??.??"]
[WhiteTeam "SC Matt im Park"]
[BlackTeam "Sfr. Wiesbaden"]

1. d4 f5 2. g3 Nf6 3. Bg2 e6 4. c4 c6 5. Nf3 d5 6. O-O Bd6 7. Nc3 O-O 8. b3
Nbd7 9. Qc2 Ne4 10. Bb2 Ndf6 11. c5 Bc7 12. b4 f4 13. Ne5 Nxc3 14. Bxc3 fxg3
15. fxg3 Qe8 16. Rf4 Bxe5 17. dxe5 Nh5 18. Rxf8+ Qxf8 19. Rf1 Qe7 20. g4 Qh4
21. gxh5 Qxh5 22. e4 b6 23. exd5 bxc5 24. dxc6 cxb4 25. Bxb4 Ba6 26. Re1 Qg5
27. Bd6 h6 28. Rb1 Rc8 29. c7 Kf7 30. Qf2+ Qf5 31. Qxf5+ exf5 32. Bd5+ Ke8 33.
e6 g5 34. Bc6# 1-0

[Event "29.Schlosspark-Open"]
[Site "Wiesbaden-Biebrich"]
[Date "2017.08.25"]
[Round "2.92"]
[White "Herrmann, Gerhard"]
[Black "Ziegler, Jörg"]
[Result "0-1"]
[WhiteElo "1293"]
[BlackElo "1724"]
[PlyCount "56"]
[EventDate "2017.??.??"]
[WhiteTeam "SC Königsspringer Alzenau"]
[BlackTeam "BKA Wiesbaden"]

1. e4 c5 2. Nf3 d6 3. Bc4 e6 4. O-O Nf6 5. Re1 Nc6 6. c3 Be7 7. d4 cxd4 8. cxd4
O-O 9. Nc3 a6 10. Be3 Qc7 11. d5 Ne5 12. Nxe5 dxe5 13. Bb3 b5 14. Rc1 Qa5 15.
Bd2 Qb6 16. Be3 Qd8 17. a3 Ne8 18. dxe6 Bxe6 19. Bxe6 fxe6 20. b4 Nd6 21. f3
Nc4 22. Nb1 Nxe3 23. Rxe3 Bg5 24. Rd3 Qb6+ 25. Rc5 Be7 26. Rdc3 Rad8 27. Qc2
Rd4 28. Rc6 Rd1# 0-1